000 00549nam a22001817a 4500
005 20251108165820.0
008 250721s9999 xx 000 0 ara d
082 1 4 _aط/923.1/عبد
100 1 _aالداعوق، محمد عمر
245 1 0 _aعبد الملك بن مروان /
264 1 _aبيروت :
_bالمكتبة العصرية،
_c[19-].
300 _a32ص
490 0 _aسلسلة الأبطال الخالدون ؛ 22
650 1 7 _aالتراجم
700 1 _aالقطب، محمد علي
942 _2ddc
_cBK
999 _c32006
_d32006